| 000 | 01605nam a2200361 a 4500 | ||
|---|---|---|---|
| 001 | ebr10613396 | ||
| 003 | CaPaEBR | ||
| 006 | m u | ||
| 007 | cr cn||||||||| | ||
| 008 | 780420s1978 nyua sb 000 0 eng d | ||
| 010 | _z 77075832 | ||
| 020 | _z0895030063 | ||
| 020 | _z9780895030061 | ||
| 020 | _z9780895034496 (e-book) | ||
| 040 |
_aCaPaEBR _cCaPaEBR |
||
| 035 | _a(OCoLC)297736422 | ||
| 050 | 1 | 4 |
_aT11 _b.D54 1978eb |
| 082 | 0 | 4 |
_a808.066 _223 |
| 245 | 0 | 0 |
_aDirections in technical writing and communication _h[electronic resource] / _cedited by Jay R. Gould. |
| 260 |
_aFarmingdale, N.Y. : _bBaywood Pub. Co., _c1978. |
||
| 300 |
_aiv, 152 p. : _bill. |
||
| 490 | 1 |
_aBaywood's technical communications series ; _v1 |
|
| 504 | _aIncludes bibliographical references. | ||
| 505 | 0 | _apt. I. What is technical communication? -- pt. II. Basic forms of technical communication -- pt. III. Technical communication in practice -- pt. IV. Evaluating technical communication -- pt. V. Viewpoints in technical communication. | |
| 533 |
_aElectronic reproduction. _bPalo Alto, Calif. : _cebrary, _d2011. _nAvailable via World Wide Web. _nAccess may be limited to ebrary affiliated libraries. |
||
| 650 | 0 | _aTechnical writing. | |
| 650 | 0 | _aCommunication of technical information. | |
| 655 | 7 |
_aElectronic books. _2local |
|
| 700 | 1 | _aGould, Jay Reid. | |
| 710 | 2 | _aebrary, Inc. | |
| 830 | 0 |
_aBaywood's technical communications series ; _vv. 1. |
|
| 856 | 4 | 0 |
_uhttp://site.ebrary.com/lib/rucke/Doc?id=10613396 _zAn electronic book accessible through the World Wide Web; click to view |
| 999 |
_c100831 _d100831 |
||